Normal view MARC view

Entry Personal Name

Number of records used in: 2

001 - CONTROL NUMBER

  • control field: 82380

003 - CONTROL NUMBER IDENTIFIER

  • control field: dpl

005 - DATE AND TIME OF LATEST TRANSACTION

  • control field: 20250626124229.0

008 - FIXED-LENGTH DATA ELEMENTS

  • fixed length control field: 250626|| aca||aabn | a|a d

040 ## - CATALOGING SOURCE

  • Original cataloging agency: dpl
  • Transcribing agency: dpl

100 ## - HEADING--PERSONAL NAME

  • Personal name: مد ير : جا و يد يز د ا نی

670 ## - SOURCE DATA FOUND

  • Source citation: Work cat.: (dpl)174837: مد ير : جا و يد يز د ا نی , کا ر و ا ن ا د ب , 2020 ء

© Delhi Public Library
Hit Counter
free hit counter